| 000 | 00000nam##2200000za#4500 |
| 001 | 9.642985 |
| 003 | CaOODSP |
| 005 | 20210624223948 |
| 007 | cr ||||||||||| |
| 008 | 150407|2005||||xxc|||||o f|0| 0 fre|d |
| 040 | |aCaOODSP|bfre |
| 043 | |an-cn--- |
| 086 | 1 |aCW66-262/2005F-PDF |
| 110 | 2 |aService canadien de la faune. |
| 245 | 10|aGestion intégrée et durable de la Grande Oie des neiges au Québec : |h[ressource électronique]|bplan d'action 2005-2010 / |
| 260 | |aSainte-Foy - Québec : |bEnvironnement Canada. |cc2006. |
| 300 | |a38p.|bgraphiques, cartes (certaines en couleur), tableaux, photographies |
| 500 | |aLe n° de catalogue (CW66-262/2006) et l'ISBN (0-662-49158-0) de l'édition imprimée bilingue ont été incorrectement copiés dans l'édition électronique. |
| 504 | |aBibliographie. |
| 590 | |a14-08-Supp|b2014-04-10 |
| 691 | 07|aGestion de l'environnement|2gcpds |
| 691 | 07|aOiseau migrateur|2gcpds |
| 775 | 08|tSustainable integrated management of the Greater Snow Geese in Québec : |w(CaOODSP)9.699019 |
| 856 | 40|ahttp://publications.gc.ca|qPDF|s2.91 Mo|uhttps://publications.gc.ca/collections/collection_2014/ec/CW66-262-2006-fra.pdf |